| 000 | 00360nam a22001217a 4500 | ||
|---|---|---|---|
| 999 |
_c104 _d104 |
||
| 005 | 20200811154214.0 | ||
| 008 | 200810b ||||| |||| 00| 0 eng d | ||
| 020 | _a0043770053 | ||
| 040 | _cCML | ||
| 245 |
_aPatterns of Belief: Religions in society. _cCarlton, E. |
||
| 260 |
_aLondon _bGeorge Allen & Unwin _c1973 |
||
| 942 |
_2ddc _cBK _e1 _h234 _mCAR |
||